000 00304nam a2200121Ia 4500
008 220204s9999 xx 000 0 und d
082 _a332.021.8(540)
_bSHA
100 _aMalhotra, S L
245 0 _aIntegrated rural development
260 _aDelhi
_bAbhinav
_c1977
700 _aSharma, S K
942 _cBK
999 _c28328
_d28328